|
|
|
|
| LEADER |
00000nam a22000007a 4500 |
| 005 |
20200721235641.0 |
| 007 |
cr|||| |||| |
| 008 |
200721s2020 co |||||s|||| 00||0 spa d |
| 020 |
|
|
|a 978-958-774-961-8
|
| 035 |
|
|
|a 31857
|
| 040 |
|
|
|a vLex
|
| 090 |
|
|
|c 10675
|d 10675
|
| 100 |
1 |
|
|a Gonzl̀ez Jc̀ome, Jorge
|
| 245 |
1 |
0 |
|a Poder constituyente a debate
|h [Recurso electrn̤ico] :
|b perspectivas desde Amřica Latina /
|c Jorge Gonzl̀ez Jc̀ome, Antonio Barreto Rozo, Nicols̀ Figueroa Garca̕-Herreros
|
| 256 |
|
|
|a Servicio en ln̕ea
|
| 260 |
|
|
|a Bogot:̀
|b Universidad de Los Andes (Colombia),
|c 2020
|
| 300 |
|
|
|a 1 recurso electrn̤ico
|
| 506 |
1 |
|
|a Disponible solo en los productos indicados
|d vLex Global
|d vLex Global (Academic Edition, excluding Law Schools)
|d vLex Global (U.S. Academic Edition, Law Schools)
|d vLex Global (U.S. Academic Edition, excluding Law Schools)
|d vLex Global (Academic Edition, Law Schools)
|
| 650 |
0 |
4 |
|a Derecho Constitucional
|z Colombia
|
| 700 |
1 |
|
|a Barreto Rozo, Antonio
|
| 700 |
1 |
|
|a Figueroa Garca̕-Herreros, Nicols̀
|
| 740 |
0 |
|
|a vLex Libros (Servicio en ln̕ea)
|
| 856 |
4 |
0 |
|u http://vlex.com/source/poder-constituyente-debate-perspectivas-america-latina-31857
|z Acceso restringido
|
| 942 |
|
|
|c BOOK
|
| 999 |
0 |
|
|a Constitutional right
|